| 000 | 00406nam a2200169Ia 4500 | ||
|---|---|---|---|
| 008 | 230725s1993 xx 000 0 und d | ||
| 041 | _aeng | ||
| 082 |
_a612.015 _bLEH/ COX |
||
| 100 | _aLEHINIGER,COX | ||
| 245 | _aPRINCIPLE OF BIOCHEMISTRY | ||
| 260 |
_bC.B.S. PUBLISHERS & DISTRUTORS _c1993 |
||
| 300 | _a1013 | ||
| 500 | _aTEXT BOOK | ||
| 501 | _aBCP | ||
| 520 | _aHB | ||
| 650 | _aBIOCHEMISTRY | ||
| 999 |
_c767058 _d767058 |
||